Statistiques concernant 10 questions sur une ville française #6 : LYON

Cliquez ici pour prendre le quiz!

Statistiques générales

  • Ce quiz a été pris 564 fois
  • Le résultat moyen est 7 sur 10

Statistiques - réponses

QuestionRéponse% Correct
Quel classement occupe-t-elle en termes d'habitants en France ?3ème
95%
Combien d'arrondissements compte-t-elle ?9
95%
Quel fleuve se jette à Lyon dans le Rhône ?La Saône
91%
Quelle commune étant la banlieue la plus peuplée de France Lyon touche-t-elle ?Villeurbanne
90%
Quelle marionnette célèbre est typique de Lyon ?Guignol
85%
De quelle organisation policière d'envergure mondiale Lyon est-elle le siège ?Interpol
78%
Quel art fut inventé à Lyon ?Le cinéma
65%
Quelle est sa superficie ? (à 10 km² près)47,87 km²
64%
Combien Lyon compte-t-elle d'habitants ? (à 10 000 près)513 275
33%
Quel établissement présent uniquement à deux endroits en France et à 31 endroits dans le monde Lyon héberge-t-elle ?Un laboratoire P4
5%

Distribution des résultats

Percentile par nombre de réponses

% des personnes avec chaque résultat

Votre développement - résultats

Vous n’avez pas pris ce quiz